000 00512nam a2200145Ia 4500
008 230917s9999||||xx |||||||||||||| ||und||
040 _e42262
_aMAIN
041 _aEnglish
082 _a944.04 C634H
100 _aCobban, Alfred
245 2 _aA history of modern France 3V. V1: Old regime and revolution and 1715-1799. V2:From the first empire to the second empire 1799-1871. V3:France of the republic 1871-1962
260 _aHarmondsworth
_bPenguin Books
_c1977
300 _a292 p. ; 271 ; 246
942 _cBK
999 _c197245
_d197245